00376 2200169 4500001002100000005001500021035002000036245002700056100001800083250000600101856001200107260003900119082000800158084001400166990001300180990001300193INLIS00000000000159920250422105547 a0010-04250000151 aSurau /cWaitlem, S.Pd0 aWaitlem, S.Pd a1 aRak 800 aJakarta :bPT. Dian Ariesta,c2002 a800 a800 WAI s a03.20119 a03.20120